Marketing Channel (Record no. 34661)

MARC details
000 -LEADER
fixed length control field 00451nam a22001937a 4500
005 - DATE AND TIME OF LATEST TRANSACTION
control field 20231101181041.0
008 - FIXED-LENGTH DATA ELEMENTS--GENERAL INFORMATION
fixed length control field 231101b |||||||| |||| 00| 0 eng d
020 ## - INTERNATIONAL STANDARD BOOK NUMBER
ISBN 813171263
082 ## - DEWEY DECIMAL CLASSIFICATION NUMBER
Classification number 658.8408
Item number COU-M
100 ## - MAIN ENTRY--AUTHOR
Author Name Coughlan,Anne T.
245 ## - TITLE STATEMENT
Title Marketing Channel
250 ## - EDITION STATEMENT
Edition statement 7th.ed.
260 ## - PUBLICATION, DISTRIBUTION, ETC.
Place of Publication India
Name of publisher, distributor, etc. Pearson
Date of publication, distribution, etc. 2006
300 ## - PHYSICAL DESCRIPTION
Pages 602
500 ## - GENERAL NOTE
General note Include Index
650 ## - SUBJECT ADDED ENTRY--TOPICAL TERM
Subject / Department management
700 ## - ADDED ENTRY--PERSONAL NAME
Personal name Anne T.Coughlan
952 ## - LOCATION AND ITEM INFORMATION (KOHA)
-- 0
-- 0
Holdings
Lost status Damaged status Collection code Permanent Location Current Location Shelving Location Date acquired Full Call Number Accession No./Barcode Date last seen item type Koha item type
    Management Superior Information Resource Center (SIRC) Superior University- Main Campus Superior Information Resource Center (SIRC) Superior University- Main Campus Management 11/01/2023 658.8408 COU-M 2006 20902 11/01/2023 BOOK BOOK

Powered by Koha